Les pays les plus visités par luxembourgois - Statistiques

Statistiques générales
  • Ce quiz a été pris 274 fois
  • Le résultat moyen est 5 sur 5
Statistiques - réponses
No.touristes Destination % Correct
322,357 France
100%
271,980 Allemagne
99%
134,815 Belgique
95%
107,782 Italie
94%
128,292 Espagne
93%
Aucun quiz correspondant
Distribution des résultats
% des personnes avec chaque résultat
Percentile par nombre de réponses
Votre historique - résultats
Vous n’avez pas pris ce quiz